Top NBA 2k19 Players at Launch - Statistics

General Stats
  • This quiz has been taken 541 times
  • The average score is 11 of 14
Answer Stats
Hint Answer % Correct
98 LeBron James
100%
97 Kevin Durant
98%
95 Stephen Curry
98%
96 James Harden
94%
94 Giannis Antetokounmpo
88%
94 Kawhi Leonard
88%
93 Russell Westbrook
88%
93 Kyrie Irving
82%
94 Anthony Davis
81%
90 Chris Paul
74%
90 Joel Embiid
74%
90 Damian Lillard
68%
91 Karl-Anthony Towns
56%
90 DeMarcus Cousins
53%
No matching quizzes found
Score Distribution
Percent of People with Each Score
Percentile by Number Answered
Your Score History
You have not taken this quiz